Statistieken voor Raad landen van eten

Klik hier om de quiz te nemen!

Algemene statistieken

  • Deze quiz is 269 keer genomen
  • De gemiddelde score is 6 van 8

Antwoordstatistieken

Antwoord% Correct
Italie
95%
Belgie
93%
Japan
93%
Frankrijk
77%
Nederland
75%
Duitsland
69%
Verenigde Staten
64%
Spanje
40%

Scoreverdeling

Percentiel versus Aantal Correcte Antwoorden

Procent van Mensen met Elke Score

Uw Scoregeschiedenis

U heeft deze quiz nog niet genomen